| 000 | 00849nas a2200289 4500 | ||
|---|---|---|---|
| 001 | BR2014004178 | ||
| 003 | BR-BrBNA | ||
| 005 | 20231205124236.0 | ||
| 007 | ta | ||
| 008 | 230509b bl.|||p| |||| 00| 00por d | ||
| 040 |
_aBR-BrBNA _bpor _cBiblioteca Nacional de Agricultura |
||
| 041 | _a(En) | ||
| 072 | _aL70 | ||
| 100 | 1 | _aFranco, L.G. | |
| 100 | 1 | _aMoreno, J.C.D. | |
| 100 | 1 | _aTeixeira Neto, A.R.T. | |
| 100 | 1 | _aSouza, M.C. e | |
| 100 | 1 | _aSilva, L.A.F. da | |
| 245 | 1 | _aTramadol effects on clinical variables and the mechanical nociceptive threshold in horses | |
| 650 | _aEQUINO | ||
| 650 | _aMEDICAMENTO | ||
| 650 | _aDOSE | ||
| 650 | _aINJEÇÃO | ||
| 773 | 0 |
_tCiência Rural (Brazil) _xISSN 0103-8478 _g(Mar 2014), v. 44(3) p. 517-523 _wBR2014004178 |
|
| 909 |
_a202311 _bLúcia _c55 _dLúcia Elande |
||
| 942 |
_2AGRIS _n0 _cANA |
||
| 999 |
_c238063 _d238063 |
||